| 000 | 00401cam a2200169ua 4500 | ||
|---|---|---|---|
| 020 | _c2.00 | ||
| 041 |
_ahin _h |
||
| 082 |
_a891.54 _bRAM/SA |
||
| 100 | _aRamdhari Singh, Dinakar. | ||
| 245 |
_aSamdheni / _cRamdhari singh Dinakar. _hTextual Documents |
||
| 250 |
_a1 / _b. |
||
| 260 |
_aPatna : _bUdayanchal , _c1964. |
||
| 365 | _a2.00 | ||
| 504 | _a | ||
| 942 | _cBK | ||
| 999 |
_c8355 _d8355 |
||